<?xml version="1.0" encoding="UTF-8"?><?xml-stylesheet type="text/xsl" href="static/style.xsl"?><OAI-PMH xmlns="http://www.openarchives.org/OAI/2.0/" xmlns:xsi="http://www.w3.org/2001/XMLSchema-instance" xsi:schemaLocation="http://www.openarchives.org/OAI/2.0/ http://www.openarchives.org/OAI/2.0/OAI-PMH.xsd"><responseDate>2026-06-02T10:38:02Z</responseDate><request verb="GetRecord" identifier="oai:riuma.uma.es:10630/38201" metadataPrefix="marc">https://riuma.uma.es/rest/oai/request</request><GetRecord><record><header><identifier>oai:riuma.uma.es:10630/38201</identifier><datestamp>2026-03-13T09:19:42Z</datestamp><setSpec>com_10630_2254</setSpec><setSpec>col_10630_37957</setSpec></header><metadata><record xmlns="http://www.loc.gov/MARC21/slim" xmlns:dcterms="http://purl.org/dc/terms/" xmlns:doc="http://www.lyncode.com/xoai" xmlns:xsi="http://www.w3.org/2001/XMLSchema-instance" xsi:schemaLocation="http://www.loc.gov/MARC21/slim http://www.loc.gov/standards/marcxml/schema/MARC21slim.xsd">
   <leader>00925njm 22002777a 4500</leader>
   <datafield ind2=" " ind1=" " tag="042">
      <subfield code="a">dc</subfield>
   </datafield>
   <datafield ind2=" " ind1=" " tag="720">
      <subfield code="a">Gámez-Guijarro, Maria</subfield>
      <subfield code="e">author</subfield>
   </datafield>
   <datafield ind2=" " ind1=" " tag="260">
      <subfield code="c">2025</subfield>
   </datafield>
   <datafield ind2=" " ind1=" " tag="520">
      <subfield code="a">Antecedentes: La artritis reumatoide (AR) es una enfermedad inflamatoria crónica, autoinmune y con evolución degenerativa, su sintomatología característica es dolor y rigidez articular, estos provocan una limitación en las actividades de la vida diaria. Los pacientes presentan alteraciones de la marcha y déficit de autocuidado. Existen múltiples manifestaciones clínicas, no solo a nivel articular en el miembro superior e inferior y en general conllevan a una pérdida en calidad de vida, aumento de fatiga e incapacidad funcional.&#xd;
El tratamiento farmacologico actual incluye los clasicos FAMEs (farmacos modificadores de la enfermedad) y los tratamientos biologicos, a nivel podologico se utilizan ortesis, calzado e incluso cirugia con el objetivo de minimizar la deformación y reducir el dolor.&#xd;
Objetivos: Los objetivos de este estudio son analizar los niveles de dolor en el pie, la calidad de vida y nivel de actividad de la AR en relación al tratamiento farmacológico. Los datos de este estudio serán recogidos por el equipo de investigación, desde junio de 2023 a diciembre de 2023 en el servicio de Reumatología del Hospital Universitario Virgen de las Nieves (HUVN) en Granada.&#xd;
Métodos: Las técnicas usadas en dicho estudio se basarán principalmente en cuestionarios de dolor, calidad de vida y evolución de la enfermedad. Serán entregados diferentes cuestionarios a los participantes en diferentes momentos del tratamiento utilizado, valorando así el nivel de dolor y la calidad de vida que presentan en cada momento analizado.</subfield>
   </datafield>
   <datafield ind1="8" ind2=" " tag="024">
      <subfield code="a">https://hdl.handle.net/10630/38201</subfield>
   </datafield>
   <datafield tag="653" ind2=" " ind1=" ">
      <subfield code="a">Artritis reumatoide - Tesis doctorales</subfield>
   </datafield>
   <datafield tag="653" ind2=" " ind1=" ">
      <subfield code="a">Pies - Dolor</subfield>
   </datafield>
   <datafield tag="653" ind2=" " ind1=" ">
      <subfield code="a">Calidad de vida</subfield>
   </datafield>
   <datafield ind2="0" ind1="0" tag="245">
      <subfield code="a">¿Disminuyen los tratamientos biológicos el dolor en el pie y mejoran significativamente la calidad de vida en pacientes con artritis reumatoide?</subfield>
   </datafield>
</record>
</metadata></record></GetRecord></OAI-PMH>